00503nam a2200181 a 450000100060000000300090000600800410001502000150005604000280007108200170009910000190011624500490013526000500018430000110023449000300024565000210027565000250029618960CO-ViMGA141112s2004 ck r 000 u spa d a9681659287 aCO-ViMGAbspacCO-ViMGA04a530.11 B712e1 aBracho, Javier10aEn que espacio vivimos? - Ciencia para todos aMexico : bFondo de Cultura Económica; 1999 a123 p. aLa Ciencia para todos; 7714aESPACIO Y TIEMPO14aESPACIOS GEOMETRICOS